000 00488nam a2200193Ia 4500
008 151119s9999||||xx |||||||||||||| ||und||
082 _a28.5
082 _bGKKV31000
100 _a"Venugopal, jayashree"
245 _aArabian nights for children
260 _a--
260 _b--
260 _c2008
600 _a"Venugopal, jayashree"
630 _aArabian nights for children
700 _a"Venugopal, jayashree"
730 _aArabian nights for children
942 _cBOOK
999 _c1083326
_d1083323